| Tag |
First Indicator |
Second Indicator |
Subfields |
| LEADER |
00000cam a22000001a 4500 |
| 001 |
in00002876331 |
| 005 |
20190331192904.0 |
| 006 |
m o d |
| 007 |
cr un mmmapmmp |
| 008 |
061205s1859 dcu o f000 0 eng d |
| 035 |
|
|
|a cis2004033722
|
| 040 |
|
|
|a UMI
|c UMI
|d UtOrBLW
|
| 043 |
|
|
|a n-us---
|
| 099 |
|
|
|a ProQuest Serial Set Number 993 S.misdoc.25
|
| 110 |
1 |
|
|a United States.
|b Congress.
|b Senate.
|b Committee on Finance.
|
| 245 |
1 |
0 |
|a Resolutions of the Legislature of the State of Pennsylvania, in favor of a protective tariff, an increase of the duties on coal and iron, and approving of the views of the President of the United States in his late annual message in reference to specific duties.
|
| 246 |
1 |
|
|a Resolutions of legislature of Pennsylvania, for protective tariff, increase of duties on coal and iron, and approving views of President
|
| 264 |
|
1 |
|a Washington :
|b [publisher not identified],
|c 1859.
|
| 300 |
|
|
|a 1 online resource.
|
| 336 |
|
|
|a text
|b txt
|2 rdacontent
|
| 337 |
|
|
|a computer
|b c
|2 rdamedia
|
| 338 |
|
|
|a online resource
|b cr
|2 rdacarrier
|
| 490 |
0 |
|
|a S.misdoc.25
|
| 500 |
|
|
|a Record is based on bibliographic data in ProQuest U.S. Serial Set Digital Collection (last viewed Dec. 2006). Reuse except for individual research requires license from ProQuest, LLC.
|
| 510 |
3 |
|
|a ProQuest U.S. Serial Set Digital Collection
|
| 500 |
|
|
|a Electronic resource.
|
| 650 |
|
0 |
|a Coal.
|
| 650 |
|
0 |
|a Iron.
|
| 650 |
|
0 |
|a Tariff.
|
| 655 |
|
7 |
|a Electronic books.
|2 local
|
| 710 |
2 |
|
|a ProQuest (Firm)
|
| 830 |
|
0 |
|a United States congressional serial set.
|
| 856 |
4 |
0 |
|u http://proxy.library.tamu.edu/login?url=http://congressional.proquest.com/congcomp/getdoc?SERIAL-SET-ID=993+S.misdoc.25
|z Connect to the full text of this electronic book
|t 0
|
| 999 |
|
|
|a MARS
|
| 999 |
f |
f |
|s 266722f6-faa5-3756-821c-fbe798a9ac00
|i dc07ce35-4e87-3e79-9d31-64ff9b347184
|t 0
|
| 952 |
f |
f |
|a Texas A&M University
|b College Station
|c Electronic Resources
|d Available Online
|t 0
|e ProQuest Serial Set Number 993 S.misdoc.25
|h Other scheme
|
| 998 |
f |
f |
|a ProQuest Serial Set Number 993 S.misdoc.25
|t 0
|l Available Online
|